Autism spectrum disorders: (Record no. 288011)
[ view plain ]
| 000 -LEADER | |
|---|---|
| fixed length control field | 00635nam a2200169Ia 4500 |
| 008 - FIXED-LENGTH DATA ELEMENTS--GENERAL INFORMATION | |
| fixed length control field | 150610s9999 xx 000 0 und d |
| 020 ## - INTERNATIONAL STANDARD BOOK NUMBER | |
| International Standard Book Number | 0 399530479 |
| 050 ## - LIBRARY OF CONGRESS CALL NUMBER | |
| Classification number | RC553 |
| Item number | .A88S566 2004 |
| 100 ## - MAIN ENTRY--PERSONAL NAME | |
| Personal name | Sicile-Kira, Chantal |
| 245 ## - TITLE STATEMENT | |
| Title | Autism spectrum disorders: |
| Remainder of title | the complete guide to understanding autism, Asperger's syndrome, pervasive developmental disorder, and other ASDs / |
| Statement of responsibility, etc | Chantal Sicile-Kira. |
| 260 ## - PUBLICATION, DISTRIBUTION, ETC. (IMPRINT) | |
| Place of publication, distribution, etc | New York : |
| Name of publisher, distributor, etc | Perigee Book, |
| Date of publication, distribution, etc | 2004. |
| 300 ## - PHYSICAL DESCRIPTION | |
| Extent | 360pages ; |
| Dimensions | 23 cm. |
| 520 ## - SUMMARY, ETC. | |
| Summary, etc | Autism |
| 650 ## - SUBJECT ADDED ENTRY--TOPICAL TERM | |
| Topical term or geographic name as entry element | Popular works. |
| 650 ## - SUBJECT ADDED ENTRY--TOPICAL TERM | |
| Topical term or geographic name as entry element | Popular works. |
| General subdivision | Asperger's syndrome |
| 650 ## - SUBJECT ADDED ENTRY--TOPICAL TERM | |
| Topical term or geographic name as entry element | Popular works. |
| General subdivision | Autism in children |
| Withdrawn status | Lost status | Damaged status | Home library | Current library | Shelving location | Date acquired | Total Checkouts | Full call number | Barcode | Date last seen | Price effective from | Koha item type |
|---|---|---|---|---|---|---|---|---|---|---|---|---|
| Stonyhurst Southville International School (Batangas) | Stonyhurst Southville International School (Batangas) | High School Section | 06/10/2015 | RC553 .A88S566 2004 | US-1259 | 06/10/2015 | Books |